zpět

Detail výsledku týmu

Tenis Pub Lužánky, Brno

Datum a čas kvízu

28.5 Celkem bodů Celkový počet nahraných bodů na tomto kvízu bez doplňovacích otázek.
4. Pořadí na kvízu Konečné umístění týmu na tomto kvízu.

Zaznamenané odpovědi

# Otázka Odpověď Body Výsledky
1. V Česku je od Nového roku jako... psilocybin 0
2. Minulý týden se v českých médi... A 1
3. Jedna televizní stanice ukonči... MTV 1
4. Kořist v hodnotě přibližně 30... v Německu 1
5. Na střídačce HC Rytíři Kladno,... David Čermák; Tomáš Plekanec 0
6. Mezi nejúspěšnější sourozence... 2000; 2012 0.5
7. Pouhých 65 setin sekundy od me... Petr; Martin 1
8. Opomenout v tomto tématu nesmí... 7,5 km; 6 km 0.5
9. Nyní bude vaším úkolem napsat,... v akrobatickém lyžování (jízda v boulích) 0
10. Na závěr se podíváme na bratrs... B) Maďarsko 0